<?xml version="1.0" encoding="UTF-8"?>
<record
    xmlns:xsi="http://www.w3.org/2001/XMLSchema-instance"
    xsi:schemaLocation="http://www.loc.gov/MARC21/slim http://www.loc.gov/standards/marcxml/schema/MARC21slim.xsd"
    xmlns="http://www.loc.gov/MARC21/slim">

  <leader>01776nam0a2200373   4500</leader>
  <controlfield tag="001">RU\NLR\bibl\1888</controlfield>
  <controlfield tag="005">20260406040948.0</controlfield>
  <datafield tag="010" ind1=" " ind2=" ">
    <subfield code="a">5-7868-0014-8</subfield>
  </datafield>
  <datafield tag="021" ind1=" " ind2=" ">
    <subfield code="a">RU</subfield>
    <subfield code="b">98-1213</subfield>
    <subfield code="9">62</subfield>
  </datafield>
  <datafield tag="035" ind1=" " ind2=" ">
    <subfield code="a">(NLR Aleph) 000001789</subfield>
  </datafield>
  <datafield tag="090" ind1=" " ind2=" ">
    <subfield code="a">2944</subfield>
    <subfield code="c">2944</subfield>
  </datafield>
  <datafield tag="100" ind1=" " ind2=" ">
    <subfield code="a">19980617d1997    |||y0rusy50      ca</subfield>
  </datafield>
  <datafield tag="101" ind1="0" ind2=" ">
    <subfield code="a">rus</subfield>
  </datafield>
  <datafield tag="102" ind1=" " ind2=" ">
    <subfield code="a">RU</subfield>
  </datafield>
  <datafield tag="105" ind1=" " ind2=" ">
    <subfield code="a">a   |||||||||</subfield>
  </datafield>
  <datafield tag="200" ind1="1" ind2=" ">
    <subfield code="a">&#x41D;&#x430; &#x43F;&#x43E;&#x440;&#x43E;&#x433;&#x435; &#x436;&#x438;&#x437;&#x43D;&#x438; &#x438; &#x441;&#x43C;&#x435;&#x440;&#x442;&#x438;</subfield>
    <subfield code="e">&#x41F;&#x440;&#x430;&#x432;&#x43E;&#x441;&#x43B;&#x430;&#x432;. &#x442;&#x43E;&#x447;&#x43A;&#x430; &#x437;&#x440;&#x435;&#x43D;&#x438;&#x44F; &#x43D;&#x430; &#x441;&#x432;&#x438;&#x434;&#x435;&#x442;&#x435;&#x43B;&#x44C;&#x441;&#x442;&#x432;&#x430; &#x43B;&#x44E;&#x434;&#x435;&#x439;, &#x43F;&#x435;&#x440;&#x435;&#x436;&#x438;&#x432;&#x448;&#x438;&#x445; &#x43A;&#x43B;&#x438;&#x43D;. &#x441;&#x43C;&#x435;&#x440;&#x442;&#x44C;</subfield>
    <subfield code="e">[&#x41F;&#x43E; &#x43C;&#x430;&#x442;&#x435;&#x440;&#x438;&#x430;&#x43B;&#x430;&#x43C; &#x43C;&#x438;&#x441;&#x441;&#x438;&#x43E;&#x43D;. &#x43B;&#x438;&#x441;&#x442;&#x43A;&#x43E;&#x432; &#x445;&#x440;&#x430;&#x43C;&#x430; &#x41F;&#x43E;&#x43A;&#x440;&#x43E;&#x432;&#x430; &#x41F;&#x440;&#x435;&#x441;&#x432;&#x44F;&#x442;&#x43E;&#x439; &#x411;&#x43E;&#x433;&#x43E;&#x440;&#x43E;&#x434;&#x438;&#x446;&#x44B;, &#x41B;&#x43E;&#x441;-&#x410;&#x43D;&#x434;&#x436;&#x435;&#x43B;&#x435;&#x441;, &#x421;&#x428;&#x410;]</subfield>
    <subfield code="f">&#x421;&#x432;&#x44F;&#x449;. &#x410;&#x43B;&#x435;&#x43A;&#x441;&#x430;&#x43D;&#x434;&#x440; &#x41C;&#x438;&#x43B;&#x435;&#x430;&#x43D;&#x442;</subfield>
  </datafield>
  <datafield tag="210" ind1=" " ind2=" ">
    <subfield code="a">&#x421;&#x41F;&#x431;.</subfield>
    <subfield code="c">&#x421;&#x410;&#x422;&#x418;&#x421;&#x42A;</subfield>
    <subfield code="d">1997</subfield>
  </datafield>
  <datafield tag="215" ind1=" " ind2=" ">
    <subfield code="a">48 &#x441;.</subfield>
    <subfield code="d">21</subfield>
  </datafield>
  <datafield tag="300" ind1=" " ind2=" ">
    <subfield code="a">&#x41D;&#x430; &#x43E;&#x431;&#x43E;&#x440;&#x43E;&#x442;&#x435; &#x442;&#x438;&#x442;. &#x43B;. &#x430;&#x432;&#x442;.: &#x43F;&#x440;&#x43E;&#x442;. &#x410;&#x43B;&#x435;&#x43A;&#x441;&#x430;&#x43D;&#x434;&#x440; &#x41C;&#x438;&#x43B;&#x435;&#x430;&#x43D;&#x442;</subfield>
  </datafield>
  <datafield tag="320" ind1=" " ind2=" ">
    <subfield code="a">&#x411;&#x438;&#x431;&#x43B;&#x438;&#x43E;&#x433;&#x440;.: &#x441;. 48 &#x438; &#x432; &#x43F;&#x43E;&#x434;&#x441;&#x442;&#x440;&#x43E;&#x447;. &#x43F;&#x440;&#x438;&#x43C;&#x435;&#x447;.</subfield>
  </datafield>
  <datafield tag="606" ind1="0" ind2=" ">
    <subfield code="a">&#x421;&#x43C;&#x435;&#x440;&#x442;&#x44C; &#x43A;&#x43B;&#x438;&#x43D;&#x438;&#x447;&#x435;&#x441;&#x43A;&#x430;&#x44F;</subfield>
    <subfield code="j">&#x410;&#x442;&#x43B;&#x430;&#x441;&#x44B;</subfield>
    <subfield code="9">1117471</subfield>
    <subfield code="3">RU\NLR\auth\66122580</subfield>
  </datafield>
  <datafield tag="606" ind1="0" ind2=" ">
    <subfield code="a">&#x417;&#x430;&#x433;&#x440;&#x43E;&#x431;&#x43D;&#x430;&#x44F; &#x436;&#x438;&#x437;&#x43D;&#x44C;</subfield>
    <subfield code="x">&#x41F;&#x440;&#x430;&#x432;&#x43E;&#x441;&#x43B;&#x430;&#x432;&#x43D;&#x430;&#x44F; &#x43A;&#x43E;&#x43D;&#x446;&#x435;&#x43F;&#x446;&#x438;&#x44F;</subfield>
    <subfield code="9">2074149</subfield>
    <subfield code="3">RU\NLR\auth\661249126</subfield>
  </datafield>
  <datafield tag="606" ind1="0" ind2=" ">
    <subfield code="a">&#x416;&#x438;&#x437;&#x43D;&#x44C;</subfield>
    <subfield code="9">1150896</subfield>
    <subfield code="3">RU\NLR\auth\66141138</subfield>
  </datafield>
  <datafield tag="606" ind1="0" ind2=" ">
    <subfield code="a">&#x421;&#x43C;&#x435;&#x440;&#x442;&#x44C;</subfield>
    <subfield code="9">957389</subfield>
    <subfield code="3">RU\NLR\auth\6638056</subfield>
  </datafield>
  <datafield tag="686" ind1=" " ind2=" ">
    <subfield code="a">&#x420;252.223</subfield>
  </datafield>
  <datafield tag="686" ind1=" " ind2=" ">
    <subfield code="a">&#x42D;372.24-422.27</subfield>
  </datafield>
  <datafield tag="700" ind1=" " ind2="0">
    <subfield code="4">070</subfield>
    <subfield code="8">rus</subfield>
    <subfield code="7">ca</subfield>
    <subfield code="a">&#x410;&#x43B;&#x435;&#x43A;&#x441;&#x430;&#x43D;&#x434;&#x440;</subfield>
    <subfield code="c">&#x41C;&#x438;&#x43B;&#x435;&#x430;&#x43D;&#x442;, &#x410;&#x43B;&#x435;&#x43A;&#x441;&#x430;&#x43D;&#x434;&#x440;</subfield>
    <subfield code="c">&#x430;&#x440;&#x445;&#x438;&#x43C;&#x430;&#x43D;&#x434;&#x440;&#x438;&#x442;</subfield>
    <subfield code="f">1938-2005</subfield>
    <subfield code="3">RU\NLR\auth\771438</subfield>
    <subfield code="9">111463</subfield>
  </datafield>
  <datafield tag="801" ind1=" " ind2="0">
    <subfield code="a">RU</subfield>
    <subfield code="b">NLR</subfield>
    <subfield code="c">19980617</subfield>
    <subfield code="g">PSBO</subfield>
  </datafield>
  <datafield tag="801" ind1=" " ind2="1">
    <subfield code="a">RU</subfield>
    <subfield code="b">NLR</subfield>
    <subfield code="c">19980617</subfield>
  </datafield>
  <datafield tag="830" ind1=" " ind2=" ">
    <subfield code="a">&#x410;&#x432;&#x442;. &#x440;&#x430;&#x441;&#x43A;&#x440;&#x44B;&#x442; &#x43F;&#x43E; &#x43A;&#x430;&#x442;&#x430;&#x43B;&#x43E;&#x433;&#x443;</subfield>
  </datafield>
  <datafield tag="852" ind1=" " ind2=" ">
    <subfield code="a">NLR</subfield>
    <subfield code="j">98-4/501</subfield>
  </datafield>
  <datafield tag="942" ind1=" " ind2=" ">
    <subfield code="c">BOOK</subfield>
  </datafield>
  <datafield tag="980" ind1=" " ind2=" ">
    <subfield code="a">NB</subfield>
  </datafield>
  <datafield tag="995" ind1=" " ind2=" ">
    <subfield code="5">2013-10-26</subfield>
    <subfield code="b">NLR01</subfield>
    <subfield code="c">NLR01</subfield>
    <subfield code="e">RF8</subfield>
    <subfield code="f">1-1081065</subfield>
    <subfield code="k">98-4/501</subfield>
    <subfield code="o">0</subfield>
    <subfield code="r">BOOK</subfield>
    <subfield code="s">984501_</subfield>
  </datafield>
</record>
